Most Liked NBA players - Statistics

General Stats
  • This quiz has been taken 935 times
  • The average score is 17 of 20
Answer Stats
Team Player % Correct
Warriors Curry
100%
Cavs James
94%
Thunder Durant
93%
Thunder Westbrook
93%
Cavs Irving
91%
Rockets Harden
87%
Pelicans Davis
86%
Heat Wade
86%
Spurs Duncan
85%
Bulls Rose
83%
Lakers Bryant
82%
Knicks Anthony
81%
Wizards Wall
81%
Clippers Griffin
80%
Spurs Leonard
77%
Heat Bosh
76%
Mavs Nowitzki
75%
Bulls Butler
71%
Kings Cousins
70%
Pistons Drummond
62%
No matching quizzes found
Score Distribution
Percent of People with Each Score
Percentile by Number Answered
Your Score History
You have not taken this quiz